000 01113nam0a2200325 4500
001 RU\NLR\bibl\1851379
005 20260408204324.0
010 _a978-5-98797-052-2
_93000
021 _aRU
_b2011-98321
_97043
035 _a(NLR Aleph) 001841325
090 _a2276221
_c2276221
100 _a20111222d2012 |||y0rusy50 ca
101 0 _arus
102 _aRU
105 _aa |||||||||
200 1 _aПрогулки по вертикали
_fДенис Урубко
210 _aМосква
_cPaulsen
_d2012 [т.е. 2011]
215 _a222 с., [8] л. цв. ил.
_cил.
_d24
225 1 _aПолюса недоступности
_fред.: А. Бородин
300 _aКн. фактически издана в 2011 г.
600 1 _aУрубко
_bД. В.
_f1973
_gДенис Викторович
_92088178
_3RU\NLR\auth\661567762
686 1 _aЧ518.23(2Р)
700 1 _aУрубко
_bД. В.
_f1973-
_gДенис Викторович
_4070
801 0 _aRU
_bNLR
_c20111222
_gRCR
801 1 _aRU
_bNLR
_c20111222
942 _cBOOK
980 _aNB
980 _aNBR